| 000 | 00443nam a2200193Ia 4500 | ||
|---|---|---|---|
| 005 | 20250423100846.0 | ||
| 008 | 250422s9999 xx 000 0 und d | ||
| 020 | _a1565770636 | ||
| 050 | _aQA 36 .H86/ | ||
| 100 | _aHake, Saxon | ||
| 245 | 0 | _aSaxon math 65 | |
| 250 | _a2nd ed. | ||
| 260 | _aUnited States | ||
| 260 | _bSaxon Publishers | ||
| 260 | _c2001 | ||
| 300 | _a578 p | ||
| 650 | _aAN INCREMENTAL DEVELOPMENT | ||
| 942 | _cBK | ||
| 999 |
_c34556 _d34556 |
||